Baobaba a jiné příběhy

Bibliographic Details
Main Author: Pospíšilová, Zuzana, 1975- (Author)
Other Authors: Chupíková, Eva, 1974- (Illustrator)
Format: Book
Language:Czech
PhysicalDescription:109 s. fareb. ilustr. 25 cm
Published: V Praze Albatros 2015
ISBN:9788000040295
Edition:1. vyd.
Subjects:

MARC

LEADER 00000nam a2200000 a 4500
001 vtls011703317
003 SK-MaSNL
005 20260301094251.0
008 240313s2015 xr a b 000 j cze
015 |a SNBZSA2017/12 
020 |a 9788000040295  |q (viazané) 
035 |a urn:nbn:sk:snk-am00d201 
035 |a urn:nbn:sk:snk-am3hize 
035 |a DB0D90AB-EE6C-49DB-8E62-C5B2F1292E65 
040 |a SNK  |b slo  |c SNK  |e AACR2 
041 0 |a cze 
044 |a xr  |c CZ 
072 7 |a 821.162.3  |x Česká literatúra  |2 konspekt 
080 |a 821.162.3-32  |2 2011 
080 |a 82-93-053.2  |2 2011 
100 1 |a Pospíšilová, Zuzana,  |d 1975-  |4 aut  |9 114630 
245 1 0 |a Baobaba a jiné příběhy  |c Zuzana Pospíšilová ; ilustrovala Eva Chupíková 
250 |a 1. vyd. 
260 |a V Praze  |b Albatros  |c 2015 
300 |a 109 s.  |b fareb. ilustr.  |c 25 cm 
655 7 |a české príbehy  |2 SNKPH  |9 70773 
655 7 |a publikácie pre deti  |2 SNKPH  |9 70148 
655 7 |a Czech stories  |2 SNKPHeng  |9 319629 
655 7 |a Children's literature  |2 SNKPHeng  |9 276039 
700 1 |a Chupíková, Eva,  |d 1974-  |4 ill  |9 133206 
919 |a 978-80-00-04029-5 
958 |a ZS 
958 |a NB 
999 |c 679752  |d 681682 
952 |a SNK  |b SNK  |y PREZ  |7 0  |p 17A1271507  |o snkSC 176144  |i snk2017/20287  |8 4  |g 8.72  |0 0  |1 0  |4 0  |d 2017-07-19  |f 1  |l 0  |r 2025-09-17 00:00:00  |w 2026-02-23